000 00417nam a2200157Ia 4500
005 20240610005709.0
008 240331s9999 xx 000 0 und d
020 _a955805125X
082 _bSOU
_a361
245 0 _aSouth Asian security :
_bfutures
260 _aColombo
_bRegional Centre for Strategic Studies
_c2002
300 _axvi,239 p.,
650 _aStrategic Studies
700 _aBanerjee, D. ed
942 _cL
999 _c2897
_d2897